Music Quiz

Random Music or Album Quiz

Eminem Albums Quiz Stats

 Plays Quiz Updated Apr 1, 2020

     
Support Sporcle.
Go Orange.
Score 0/11 Timer 04:00
0 Plays Today
Year Album % Correct
2000The Marshall Mathers LP
90.2%
2009Relapse
85.6%
2010Recovery
85.1%
2018 Kamikaze
83.2%
1999The Slim Shady LP
82.6%
2002The Eminem Show
79.9%
2020Music to Be Murdered By
77.8%
2013The Marshall Mathers LP 2
77.8%
2004Encore
77%
2017Revival
77%
1996Infinite
64.3%

From the Vault

Common Sayings: Missing 'Q' Words

by beforever

There are a surprising number of common phrases using such an uncommon letter.
Remove Ads.
Support Sporcle.
Get the best of Sporcle when you Go Orange. This ad-free experience offers more features, more stats, and more fun while also helping to support Sporcle. Thank you for becoming a member.

Show Comments

Extras

Top Quizzes Today


Score Distribution

Your Account Isn't Verified!

In order to create a playlist on Sporcle, you need to verify the email address you used during registration. Go to your Sporcle Settings to finish the process.

Report this User

Report this user for behavior that violates our Community Guidelines.

Details: